Campeones y Subcampeones de Premier League! - Estadísticas

Estadísticas generales
  • Esta prueba ha sido intentada 115 veces
  • La puntuación promedio es 48 de 48
Estadísticas de respuestas
Año Campeón % Correcto
2004/2005 Chelsea
100%
2005/2006 Chelsea
100%
2009/2010 Chelsea
100%
2014/2015 Chelsea
100%
2016/2017 Chelsea
100%
Chelsea
100%
Chelsea
100%
Chelsea
100%
Chelsea
100%
2017/2018 Manchester City
100%
2018/2019 Manchester City
100%
2020/2021 Manchester City
100%
2021/2022 Manchester City
100%
2022/2023 Manchester City
100%
2023/2024 Manchester City
100%
Manchester City
100%
Manchester City
100%
Manchester City
100%
2000/2001 Manchester United
100%
2002/2003 Manchester United
100%
2006/2007 Manchester United
100%
2007/2008 Manchester United
100%
2008/2009 Manchester United
100%
2010/2011 Manchester United
100%
2011/2012 Manchester United
100%
2012/2013 Manchester United
100%
2013/2014 Manchester United
100%
Manchester United
100%
Manchester United
100%
Manchester United
100%
Manchester United
100%
Manchester United
100%
2001/2002 Arsenal
99%
2003/2004 Arsenal
99%
Arsenal
99%
Arsenal
99%
Arsenal
99%
Arsenal
99%
Arsenal
99%
Arsenal
99%
2019/2020 Liverpool
99%
Liverpool
99%
Liverpool
99%
Liverpool
99%
Liverpool
99%
Liverpool
99%
2015/2016 Leicester
97%
Tottenham
97%
No se encontraron pruebas coincidentes
Distribución de puntuación
Porcentaje de gente con cada puntuación
Porcentaje por número respondido
Historial de tus puntuaciones
No has intentado esta prueba.